| 000 | 00377nam a2200145Ia 4500 | ||
|---|---|---|---|
| 008 | 220726s9999||||xx |||||||||||||| ||und|| | ||
| 020 | _a9789374734865 | ||
| 082 |
_a610 _bGan/I |
||
| 100 | _aGanguli, Subarna | ||
| 245 | 0 | _aSubarna-Inorganic Pharmaciutical Chemistry, 2/Ed. | |
| 250 | _a2nd Edition | ||
| 260 |
_aDelhi _bAITBS Publishers _c2020 |
||
| 300 | _a241 | ||
| 942 | _cPB | ||
| 999 |
_c36240 _d36240 |
||